000 00584nam a2200229Ia 4500
003 OSt
005 20220918193005.0
006 a|||||r|||| 00| 0
007 ta
008 220917b |||||||| |||| 00| 0 eng d
024 _a71,411
037 _cTextual
040 _aARTS
_cARTS
_beng
041 _2eng
_aeng
082 _aR3xM89:g, L8-;1
100 _aSteiner George
245 0 _aHeidegger
260 _aGreat
_bBritain Harvester Press
_c1978
300 _a157p.
_ccm.
942 _hR3xM89:g, L8-;1
_cTEXL
_2CC
999 _c197484
_d197484